|
|
|
|
| LEADER |
00958nam a22002657a 4500 |
| 001 |
4368 |
| 003 |
BD-DhAAL |
| 005 |
20151108125721.0 |
| 008 |
151108s2000 bg 000 1 ben |
| 010 |
|
|
|a 99959005
|
| 020 |
|
|
|a 9840501941
|
| 040 |
|
|
|d BD-DhAAL
|
| 050 |
0 |
0 |
|a MLCSA 2000/00112
|
| 082 |
|
|
|a 891.443
|
| 100 |
1 |
|
|a তালুকদার,মাহবুব
|d 1941-
|9 16023
|
| 245 |
1 |
0 |
|a সুবর্ণ জয়ন্তী /
|c মাহবুব তালুকদার.
|
| 260 |
|
|
|a ঢাকা :
|b ইউনিভার্সিটি প্রেস,
|c ২০০০.
|
| 300 |
|
|
|a ১৯৩ পৃ. ;
|c ২২ সে.মি.
|
| 500 |
|
|
|a Short stories.
|
| 541 |
|
|
|e 4368
|
| 546 |
|
|
|a In Bengali.
|
| 650 |
|
|
|a Fiction : Bengali
|9 16024
|
| 942 |
|
|
|2 ddc
|c BK
|
| 999 |
|
|
|c 36066
|d 36066
|
| 952 |
|
|
|0 0
|1 0
|2 ddc
|4 0
|6 891_443000000000000_TAL
|7 0
|9 56673
|a SCL
|b SCL
|c GEN
|d 2015-11-08
|g 175.00
|l 0
|o 891.443 TAL
|p 3020004368
|r 2015-11-08
|t 1
|w 2015-11-08
|y BK
|